| 000 | 02855nam a2200421Ii 4500 | ||
|---|---|---|---|
| 001 | DIGPUZ0510 | ||
| 003 | NyNyDIG | ||
| 008 | 141201t20132013sp a ob 000 0 spa d | ||
| 006 | m o d | ||
| 007 | cr ||||||||||| | ||
| 040 |
_aDGITA _beng _erda _epn _cDGITA |
||
| 020 | _z9788415770503 | ||
| 020 | _z8415770502 | ||
| 041 | 0 |
_aspa _afre |
|
| 050 | 1 | 4 | _aNA3390 eBook |
| 245 | 0 | 0 |
_aSobre el color en el acabado de la arquitectura histórica / _cCarmen Gómez Urdáñez (coordinadora). |
| 250 | _aPrimera edición. | ||
| 264 | 1 |
_aZaragoza : _bPrensas Universitarias de Zaragoza, _c2013. |
|
| 264 | 4 | _c©2013 | |
| 300 |
_a1 online resource (350 pages) : _billustrations. |
||
| 336 |
_atext _btxt _2rdacontent |
||
| 337 |
_acomputer _bc _2rdamedia |
||
| 338 |
_aonline resource _bcr _2rdacarrier |
||
| 504 | _aIncludes bibliographical references. | ||
| 505 | 0 | _aLa polychromie de l'architecture est-elle une oeuvre d'art? de sa redécouverte à sa restauration : l'importance de la couleur dans l'étude des édifices médiévaux / Anne vuillemard-Jenn -- Le goût de la pierre de taille en Picardie aux XIe et XIIe siécles : pierre apparente et pierre feinte / Géraldine Victoir -- Las primeras capillas en la cabecera de la catedral de Tarazona. Arquitectura, usos y acabados cromáticos medievales / María del Carmen Gómez Urdáñez -- La química analítica en el estudio y conservación del patrimonio / Josefina Pérez Arantegui -- Criterios de intervención en la pintura mural de un monasterio medieval / Carmen Rallo Gruss -- Los revestimientos cromáticos en la iconografía arquitectónica medieval. Estudio de algunos casos de coincidencia en la baja edad media hispana / Antonio Olmo Gracia -- Color y arquitectura e la Europa moderna / Miguel Hermoso Cuesta -- Un adorno con mensaje. Algunos aspectos obre la decoración las bóvedas en los conventos de Nueva España / María Celia Fontana Calvo -- Entelar el muro : los revestimientos textiles en la arquitectura occidental / Ana María Ágreda Pino -- El valor del color en la arqutectura moderna / Mónica Vázquez Astorga. | |
| 546 | _aSpanish, French. | ||
| 588 | 0 | _aOnline resource; title from PDF title page (Digitalia, viewed October 27, 2014) | |
| 650 | 0 | _aColor in architecture. | |
| 650 | 0 | _aArchitecture, Medieval | |
| 655 | 0 | _aElectronic books. | |
| 700 | 1 |
_aGómez Urdáñez, Carmen, _eeditor of the compilation. |
|
| 791 | 2 |
_aDigitalia (Firm), _edistributor. |
|
| 793 | 0 |
_gDigitalia eBook Collection: _aPrensas Universitarias de Zaragoza |
|
| 776 | 0 | 8 |
_iPrint version: _tSobre el color en el acabado de la arquitectura histórica. _dZaragoza, España : Prensas Universitarias de Zaragoza, 2013 _z9788415770503. |
| 856 | 4 | 0 |
_3Digitalia Hispánica _uhttps://www.digitaliapublishing.com/a/29133/ |
| 910 | _aPremium Collection: 2014 | ||
| 942 | _cRAA | ||
| 999 |
_c239623 _d239623 |
||